فنون و أشغال المعادن / (رقم التسجيلة. 52002)

تفاصيل مارك
000 -LEADER
fixed length control field 00549nam a22001817a 4500
005 - DATE AND TIME OF LATEST TRANSACTION
control field 20251108170919.0
008 - FIXED-LENGTH DATA ELEMENTS--GENERAL INFORMATION
fixed length control field 250721s1996 xx 000 0 ara d
082 14 - DEWEY DECIMAL CLASSIFICATION NUMBER
Classification number ط/739/جود
100 1# - MAIN ENTRY--PERSONAL NAME
Personal name جودي، محمد حسين
245 10 - TITLE STATEMENT
Title فنون و أشغال المعادن /
264 1# - PRODUCTION, PUBLICATION, DISTRIBUTION, MANUFACTURE, AND COPYRIGHT NOTICE
Place of production, publication, distribution, manufacture عمان :
Name of producer, publisher, distributor, manufacturer دار المسيرة للنشر والتوزيع،
Date of production, publication, distribution, manufacture, or copyright notice 1996.
300 ## - PHYSICAL DESCRIPTION
Extent 100ص.
650 17 - SUBJECT ADDED ENTRY--TOPICAL TERM
Topical term or geographic name as entry element الأشغال المعدنية
650 17 - SUBJECT ADDED ENTRY--TOPICAL TERM
Topical term or geographic name as entry element الفنون الجميلة
650 17 - SUBJECT ADDED ENTRY--TOPICAL TERM
Topical term or geographic name as entry element المعادن
942 ## - ADDED ENTRY ELEMENTS (KOHA)
Source of classification or shelving scheme Dewey Decimal Classification
Koha item type كتب
المقتنيات
حالة السحب حالة الفقدان مصدر التصنيف حالة التلف غير قابل للإعارة المكتبة الرئيسية المكتبة الحالية موقع الرف تاريخ التزويد الرقم المتسلسل Total Checkouts رقم الإستدعاء الباركود تاريخ آخر ظهور تاريخ الفاتورة نوع المادة (كوها)
    Dewey Decimal Classification     مكتبة الراية الهاشمية للأطفال مكتبة الراية الهاشمية للأطفال الأطفال 14/10/2015 296770   ط/739/جود PLD00356112 28/07/2025 14/10/2015 كتب
    Dewey Decimal Classification     مكتبة بدر للأطفال مكتبة بدر للأطفال الأطفال 14/08/2022 290269   ط/739/جود PLD00499233 28/07/2025 14/08/2022 كتب
    Dewey Decimal Classification     مكتبة مؤتة مكتبة مؤتة الأطفال 05/07/2014 [ 4 ]   ط/739/جود PLD00333375 28/07/2025 05/07/2014 كتب
Implemented & Customized by: BBB with SCIT (Smart Chains for Information Technology)

Powered by Koha